[Event "HCL-B3874"]
[Site "www.playchess.de"]
[Date "2006.03.31"]
[Round "3"]
[White "kolmar"]
[Black "Russ"]
[WhiteElo "991"]
[BlackElo "1040"]
[PlyCount "102"]
[Result "1-0"]

1.e4 {&#1055;&#1088;&#1080;&#1074;&#1077;&#1090;, 
&#1091;&#1089;&#1087;&#1077;&#1093;&#1086;&#1074; 
&#1074; &#1080;&#1075;&#1088;&#1077;!}  e5 {hi und 
dannke}  2.Nf3 Bc5 3.Bc4 Qf6 4.d3 h6 5.Nc3 g5 
6.Nd5 Qd6 7.a3 c6 8.Ne3 Ne7 9.Bb3 b5 10.Ba2 Bxe3 
11.Bxe3 f5 12.exf5 Nxf5 13.Qe2 Qf6 14.Bd2 d6 
15.O-O-O Be6 16.Kb1 Bxa2+ 17.Kxa2 Na6 18.d4 O-O 
19.dxe5 Qe6+ 20.Kb1 Rab8 21.Rhe1 d5 22.h4 g4 
23.Nd4 Nxd4 24.Qd3 c5 25.Bc3 Nc6 26.Qxd5 Qxd5 
27.Rxd5 b4 28.axb4 Ncxb4 29.Bxb4 Rxb4 30.e6 Rfb8 
31.b3 c4 32.e7 Kf7 33.Rf5+ Kg6 34.Rf8 R4xb3+ 
35.cxb3 Rxb3+ 36.Kc1 Rc3+ 37.Kd2 Rd3+ 38.Ke2 Nc7 
39.Rc8 Rd7 40.Rxc7 Rxc7 41.e8Q+ Rf7 42.Qe6+ Rf6 
43.h5+ Kg5 44.Qg8+ Kf4 45.Qxc4+ Kg5 46.Qc5+ Rf5 
47.Qxa7 Kxh5 48.Kf1 g3 49.f3 Kh4 50.Re4+ Kg5 
51.Qg7+ Kh5 1-0

[Event "ACL-T170"]
[Site "www.playchess.de"]
[Date "2006.03.31"]
[Round "18"]
[White "Eishockeytorwart"]
[Black "puddschini"]
[WhiteElo "2003"]
[BlackElo "1974"]
[PlyCount "43"]
[Result "1-0"]

1.d4 d5 2.c4 e6 3.Nf3 Nf6 4.Nc3 {hallo aus 
Mönchengladbach}  Nbd7 {Willkommen im Turnier. auf 
ein Neus. Gruß
Jörg}  5.Bg5 c6 6.e3 Qa5 7.Bxf6 Nxf6 8.Bd3 Bb4 
9.Qb3 dxc4 10.Bxc4 c5 11.O-O cxd4 12.Bb5+ Bd7 
13.Bxd7+ Nxd7 14.Nxd4 Nc5 {(offering draw)}  
15.Qc4 {es ist für ein remis noch zu früh}  Bxc3 
16.bxc3 Rc8 17.Qb5+ Qxb5 18.Nxb5 Ne4 19.Nxa7 Rxc3 
20.f3 Nd6 21.Rfd1 Ke7 22.Rxd6 1-0

[Event "HCL-C4213"]
[Site "www.playchess.de"]
[Date "2006.03.31"]
[Round "16"]
[White "Skipper_Robert"]
[Black "n4337m"]
[WhiteElo "891"]
[BlackElo "1486"]
[PlyCount "72"]
[Result "0-1"]

1.e4 {Hallo!!!!!!}  e5 {Good to see you again !}  
2.d3 Nc6 3.Nf3 Nf6 4.Nc3 Bb4 5.Bd2 d6 6.Be2 O-O 
7.h3 a5 8.Nb5 Be6 9.c3 Bc5 10.O-O Qd7 11.c4 Nb4 
12.Nc3 c6 13.a3 Na6 14.Ng5 Nc7 15.Qb1 h6 16.Nf3 
Nh7 17.g4 Ng5 18.Nxg5 hxg5 19.Bxg5 b5 20.a4 b4 
21.Nd1 Rab8 {Springer....d5 !?}  22.Qc1 Rfc8 
23.Ne3 d5 24.b3 f6 25.Bh4 Kf7 26.f3 Rch8 27.Bxf6 
gxf6 28.Kg2 Na6 29.f4 Qa7 30.Nc2 Rh7 31.f5 Bd7 
32.g5 fxg5 33.Qxg5 Rg8 34.Qxg8+ Kxg8 35.Rf3 Rg7+ 
36.Kf1 Rg1+ 0-1

[Event "HCL-E1496"]
[Site "www.playchess.de"]
[Date "2006.03.31"]
[Round "18"]
[White "Jackaroe"]
[Black "Josef"]
[WhiteElo "1646"]
[BlackElo "1536"]
[PlyCount "135"]
[Result "1-0"]

1.e4 c5 2.Nf3 d6 3.d4 cxd4 4.Nxd4 Nf6 5.Nc3 a6 
6.Be2 Qc7 7.Be3 e6 8.O-O Nc6 9.Qd2 Be7 10.f4 O-O 
11.Rad1 b5 12.a3 Bb7 13.Bf3 Nxd4 14.Bxd4 Rfd8 
15.Qf2 e5 16.Bb6 Qc4 17.Bxd8 Rxd8 18.fxe5 dxe5 
19.Rxd8+ Bxd8 20.Rd1 Be7 21.Qa7 Qc7 22.Nd5 Nxd5 
23.Rxd5 g6 24.Be2 Qc8 25.Bg4 Qxg4 26.Qxb7 Bf6 
27.Qc6 Kg7 28.Rd6 Bg5 29.Qd5 Be3+ 30.Kh1 Qf4 
31.Qd3 Qf2 32.Qd1 h5 33.Rd3 Bf4 34.b3 Qc5 35.b4 
Qc6 36.Qe2 Qe6 37.g3 Bg5 38.Kg2 h4 39.g4 Bf4 
40.Rd5 Qc8 41.Rc5 Qe6 42.h3 Qa2 43.Qd3 Qa1 44.Rc6 
Qe1 45.Qf3 Qd2+ 46.Kf1 Qc1+ 47.Kg2 Qd2+ 48.Qf2 Qc1 
49.Rc3 Bg3 50.Qe2 Bf4 51.Rf3 g5 52.Qd3 Qe1 53.c4 
bxc4 54.Qxc4 Qd2+ 55.Rf2 Qe3 56.Rf3 Qd2+ 57.Kf1 
Qd1+ 58.Kg2 Qd2+ 59.Rf2 Qd1 {(offering draw)}  
60.Qc3 Qb1 61.Rc2 Qd1 62.Rb2 Qa1 63.Rb3 Qd1 64.Qd3 
Qe1 65.Rb2 Qc1 {(offering draw)}  66.Re2 Bg3 
67.Qb3 Qd1 68.Qxd1 1-0

[Event "HCL-A2555"]
[Site "www.playchess.de"]
[Date "2006.03.31"]
[Round "6"]
[White "xikim"]
[Black "Jule"]
[WhiteElo "1564"]
[BlackElo "1432"]
[PlyCount "105"]
[Result "1-0"]

1.d4 {Greetings from Rio-Brasil and good lucky!}  
d5 {Hallo, my greetings are coming from 
Hambourg,Germany.Lifestile good luck}  2.c4 e6 
3.Nc3 c6 4.Nf3 h6 5.e3 Nf6 6.Qc2 Bd6 7.Bd3 O-O 
8.O-O dxc4 9.Bxc4 b5 10.Bd3 Bb7 11.a3 a5 12.Ne4 
Be7 13.Nc5 Bxc5 14.dxc5 Nbd7 15.Bd2 e5 16.b4 axb4 
17.axb4 Rxa1 18.Rxa1 Re8 19.Be2 Nd5 20.Ra7 Qb8 
21.Ra3 N7f6 22.g3 Bc8 23.e4 Ne7 24.Bc3 Ng6 25.h4 
Bg4 26.Kg2 Qc8 27.Nh2 Qd7 28.Nxg4 Nxg4 29.Qd1 Qxd1 
30.Bxd1 Nf6 31.h5 Nf8 32.Bf3 N8h7 33.Ra6 Re6 
34.Ra8+ Ne8 35.Bg4 Re7 36.Bd7 Rxd7 37.Rxe8+ Nf8 
38.Bxe5 f6 39.Bd6 Rf7 40.Rxf8+ Rxf8 41.Bxf8 Kxf8 
42.Kf3 Kf7 43.Kf4 g6 44.hxg6+ Kxg6 45.g4 Kf7 
46.Kf5 Ke7 47.f3 Kf7 48.f4 Ke7 49.Kg6 Ke6 50.Kg7 
Ke7 51.f5 Ke8 52.Kxf6 Kd7 53.Kg7 1-0

[Event "ACL-A667"]
[Site "www.playchess.de"]
[Date "2006.03.31"]
[Round "1"]
[White "PhilipKaveny"]
[Black "TheGreatGatsby"]
[WhiteElo "1538"]
[BlackElo "1500"]
[PlyCount "49"]
[Result "1-0"]

1.e4 c5 2.f4 Nc6 3.Nf3 g6 4.Bc4 Bg7 5.O-O e6 6.c3 
d5 7.exd5 exd5 8.Re1+ Nge7 9.Bb5 O-O 10.Bxc6 Nxc6 
11.Ne5 Nxe5 12.fxe5 d4 13.b4 cxb4 14.cxb4 d3 
15.Bb2 Qb6+ 16.Kh1 Qxb4 17.Ba3 Qd4 18.Nc3 Re8 
19.Re4 Qd8 20.Bd6 Bf5 21.Re1 Rc8 22.Nd5 Rxe5 
23.Rxe5 Bxe5 24.Ne7+ Kh8 25.Bxe5+ 1-0

[Event "HCL-B3897"]
[Site "www.playchess.de"]
[Date "2006.03.31"]
[Round "8"]
[White "schnitzly"]
[Black "ChessMonster"]
[WhiteElo "1286"]
[BlackElo "1178"]
[PlyCount "65"]
[Result "1-0"]

1.d4 {hi and much fun!}  d5 {Hallo, und ich hoffe, 
dass Sie eine gute Zeit auch haben.}  2.c4 Nf6 
3.e3 Nc6 4.Nc3 e5 5.dxe5 Nxe5 6.cxd5 Bb4 7.Qa4+ c6 
8.Qxb4 Nxd5 9.Nxd5 Qxd5 10.Qd4 Qa5+ 11.Bd2 Qd5 
12.Qxd5 cxd5 13.Bb5+ Bd7 14.Bxd7+ Nxd7 15.Nf3 Nc5 
16.O-O O-O-O 17.Rac1 b6 18.b4 Kd7 19.bxc5 Rdc8 
20.cxb6 Rxc1 21.Rxc1 axb6 22.Ne5+ Ke6 23.Bc3 Rc8 
24.f4 f6 25.Nd3 g5 26.Bxf6 Rc4 27.Bxg5 Kd6 28.Rxc4 
dxc4 29.Nb4 c3 30.e4 Kc5 31.a3 Kb5 32.f5 Kc5 
33.f6 1-0

[Event "HCL-A2670"]
[Site "www.playchess.de"]
[Date "2006.03.31"]
[Round "8"]
[White "scaper"]
[Black "victorabiodun03"]
[WhiteElo "1563"]
[BlackElo "1621"]
[PlyCount "59"]
[Result "1-0"]

1.d4 {hi
}  Nf6 {Hello}  2.c4 {hi
}  g6 3.Nc3 Bg7 {Hi}  4.Bg5 d6 5.Qd2 O-O 6.Bxf6 
Bxf6 7.e3 Nc6 8.Nf3 Bg4 9.Be2 a6 10.O-O Bg7 
11.Rfd1 Bxf3 12.Bxf3 Rb8 13.Bxc6 bxc6 14.Qe2 Rb4 
15.a3 Rb3 16.Qc2 Qb8 17.Nb5 Rxe3 18.fxe3 cxb5 
19.cxb5 axb5 20.Qc6 e5 21.d5 Bh6 22.Rd3 f5 23.Qa6 
b4 24.a4 e4 25.Rb3 Re8 26.a5 Re5 27.Ra4 f4 
28.Raxb4 Qf8 29.R4b8 Re8 30.Qa8 1-0

[Event "HCL-A2665"]
[Site "www.playchess.de"]
[Date "2006.03.31"]
[Round "19"]
[White "victorabiodun03"]
[Black "Josef"]
[WhiteElo "1638"]
[BlackElo "1606"]
[PlyCount "73"]
[Result "0-1"]

1.f4 d5 2.Nf3 Nf6 3.e3 c5 4.d4 cxd4 5.exd4 Nc6 
6.c3 Bg4 7.Bd3 e6 8.O-O Bd6 9.Qe1 O-O 10.Ne5 Bh5 
11.Nd2 Bg6 12.Nxc6 bxc6 13.f5 exf5 14.Bxf5 Qc7 
15.h3 Rae8 16.Qd1 Bf4 17.Bxg6 Be3+ 18.Kh1 hxg6 
19.Nf3 Nh5 20.Bxe3 Ng3+ 21.Kg1 Nxf1 22.Qxf1 Rxe3 
23.Qf2 Rfe8 24.Ne5 Re4 25.Rf1 Rf8 26.Nxg6 Rb8 
27.Ne5 f6 28.Nd3 Rbe8 29.Nc5 R4e2 30.Qh4 Rxb2 
31.Qg4 Qe7 32.Qg6 Rf8 33.a4 Qe3+ 34.Kh1 Rf2 
35.Rxf2 Qxf2 36.Ne6 Qe1+ 37.Kh2 0-1

[Event "HCL-A2540"]
[Site "www.playchess.de"]
[Date "2006.03.31"]
[Round "8"]
[White "tiit145"]
[Black "flavio"]
[WhiteElo "1475"]
[BlackElo "1415"]
[PlyCount "59"]
[Result "1-0"]

1.d4 {Hello!}  e6 {hi, have a good match}  2.b3 d5 
3.Nf3 Nf6 4.c3 c5 5.e3 {Hello!Happy New Year! 
Tiit}  Nc6 {to you too, don't drink too much 
tonight}  6.Be2 {Hello!}  Bd6 {hello}  7.O-O O-O 
8.Ba3 cxd4 9.cxd4 Qc7 10.Bxd6 Qxd6 11.Nc3 a6 
12.Qd3 Nb4 13.Qd1 Bd7 14.Qd2 Rac8 15.Rfc1 Rc7 
16.a3 Nc6 17.h3 Rfc8 18.Rc2 b5 19.b4 Ne7 20.Bd3 
R7c6 21.Ne5 R6c7 22.Rac1 h6 23.Ne2 R7xc2 24.Bxc2 
Nc6 25.f4 Qe7 26.Bd3 Nxe5 27.fxe5 Rxc1+ 28.Nxc1 
Nh7 29.Bxh7+ Kf8 {(offering draw)}  
30.Bc2 1-0

[Event "HCL-C4204"]
[Site "www.playchess.de"]
[Date "2006.03.31"]
[Round "3"]
[White "EdDaChed"]
[Black "Azimut"]
[WhiteElo "1127"]
[BlackElo "1515"]
[PlyCount "66"]
[Result "0-1"]

1.d4 e6 {Hello and good luck.}  2.e4 {hello, have 
fun}  b6 3.e5 Bb7 4.Nf3 g6 5.Bg5 Ne7 6.Bc4 h6 
7.Bf6 Rg8 8.Nc3 Bg7 9.Bxe7 Qxe7 10.Nb5 Qd8 11.Qd3 
a6 12.Nc3 d6 13.exd6 cxd6 14.O-O-O d5 15.Bb3 Nc6 
16.Na4 Qc7 17.a3 b5 18.Nc5 Bc8 19.a4 Nxd4 20.Nxd4 
Qxc5 21.c3 b4 22.Nc2 bxc3 23.Qxc3 Bxc3 24.bxc3 
Qxc3 25.Ba2 Rb8 26.Bb1 Bd7 27.Rd4 Ke7 28.Rhd1 Rgc8 
29.R1d3 {let the slaughter begin}  Rxb1+ 
{Slaughter begin but I'm lucky and it's only a 
game... ;-)}  30.Kxb1 Qxc2+ 31.Ka1 Qc1+ 32.Ka2 
Rc2+ 33.Kb3 Qb2+ 0-1

[Event "HCL-A2621"]
[Site "www.playchess.de"]
[Date "2006.03.31"]
[Round "20"]
[White "victorabiodun03"]
[Black "mrchess"]
[WhiteElo "1579"]
[BlackElo "1473"]
[PlyCount "109"]
[Result "1-0"]

1.e4 c5 2.d3 Nc6 3.Nf3 d6 4.Nbd2 Bg4 5.Be2 Nf6 
6.O-O g6 7.h3 Bd7 8.c3 Bg7 9.d4 cxd4 10.cxd4 Rc8 
11.a3 O-O 12.Bd3 a6 13.Re1 b5 14.Nf1 Na5 15.e5 
dxe5 16.dxe5 Ne8 17.Bf4 e6 18.Rc1 Nc7 19.Ng3 Nd5 
20.Bg5 Qe8 21.Ne4 Rxc1 22.Qxc1 Qc8 23.Nd6 Qxc1 
24.Rxc1 h6 25.Bh4 g5 {(offering draw)}  26.Bg3 Rd8 
27.Be4 Ne7 28.b4 Nac6 29.Nb7 Rc8 30.Nc5 Be8 
31.Nxa6 Kf8 32.Nc5 Ra8 33.Rc3 Nd5 34.Bxd5 exd5 
35.Rd3 Ra7 36.e6 f5 37.Bd6+ Kg8 38.Rxd5 Rxa3 
39.Nd7 Ra1+ 40.Kh2 Na7 41.Rxf5 Rd1 42.Bc5 Nc6 
43.Nf6+ Bxf6 44.Rxf6 Kh7 45.e7 Rd7 46.Rxc6 Rxe7 
47.Rxh6+ Kxh6 48.Bxe7 g4 49.hxg4 Bg6 50.g5+ Kh5 
51.g4+ Kxg4 52.Ne5+ Kf5 53.Nxg6 Kxg6 54.f4 Kf5 
55.Bd6 1-0

[Event "HCL-B3911"]
[Site "www.playchess.de"]
[Date "2006.03.31"]
[Round "8"]
[White "cyril57cyril"]
[Black "arsenio"]
[WhiteElo "1300"]
[BlackElo "1110"]
[PlyCount "20"]
[Result "0-1"]

1.e4 e6 2.d4 d5 3.e5 c5 4.c3 Nc6 5.Nf3 Qb6 6.Be2 
cxd4 7.cxd4 Nh6 8.Nc3 Nf5 9.Be3 Nxe3 10.fxe3 
Qxb2 0-1

[Event "HCL-A2658"]
[Site "www.playchess.de"]
[Date "2006.03.31"]
[Round "6"]
[White "freno"]
[Black "hal1958"]
[WhiteElo "1596"]
[BlackElo "1430"]
[PlyCount "98"]
[Result "1/2-1/2"]

1.e4 {Hello from Paris}  d6 {have a nice game}  
2.d4 Nf6 3.Nc3 g6 4.Bc4 Bg7 5.Nge2 O-O 6.O-O a6 
7.f4 b5 8.Bb3 b4 9.e5 dxe5 10.fxe5 bxc3 11.exf6 
cxb2 12.fxe7 Qxe7 13.Bxb2 Bb7 14.Ng3 Nd7 15.Qd2 
Nb6 16.Rae1 Qd6 17.c4 Qd8 18.c5 Nd5 19.Re2 a5 
20.a4 Ba6 21.Rfe1 Bxe2 22.Rxe2 c6 23.Ne4 Rb8 
24.Bxd5 Qxd5 25.Bc3 Rb1+ 26.Kf2 Qf5+ 27.Kg3 h5 
28.h3 Rfb8 29.Nd6 Qd7 30.Bxa5 R1b2 31.Qxb2 Rxb2 
32.Rxb2 Bxd4 33.Rb8+ Kg7 34.Bb6 Be5+ 35.Kf3 Bxd6 
36.cxd6 Qxd6 37.Ra8 Qa3+ 38.Be3 c5 39.a5 c4 40.a6 
c3 41.a7 Qa6 42.Kf2 Qa2+ 43.Kg1 Qb1+ 44.Kh2 Qe4 
45.Rb8 Qe5+ 46.Kh1 Qxe3 47.a8Q Qe1+ 48.Kh2 Qe5+ 
49.Kh1 Qe1+ {(offering draw)}  1/2-1/2

[Event "HCL-A2658"]
[Site "www.playchess.de"]
[Date "2006.03.31"]
[Round "24"]
[White "freno"]
[Black "GCP"]
[WhiteElo "1596"]
[BlackElo "1454"]
[PlyCount "73"]
[Result "1-0"]

1.e4 d6 2.d4 Nf6 3.Nc3 g6 4.Bc4 Bg7 5.Nge2 c6 
6.O-O b5 7.Bb3 b4 8.e5 dxe5 9.dxe5 Qxd1 10.Nxd1 
Ne4 11.f4 Bb7 12.Nf2 Nc5 13.Bc4 Nbd7 14.a3 a5 
15.axb4 axb4 16.Rxa8+ Bxa8 17.b3 O-O 18.Bd2 Rb8 
19.Ra1 e6 20.Bxb4 h5 21.Nd3 Nxd3 22.Bxd3 Rxb4 
23.Rxa8+ Kh7 24.Rc8 Nc5 25.Bc4 Ne4 26.Rxc6 Nd2 
27.Rc7 Nxc4 28.Rxc4 Rb7 29.h4 Bf8 30.g3 Rd7 31.Kg2 
Ba3 32.c3 Bb2 33.b4 Kg7 34.b5 Ba3 35.Ra4 Bc5 
36.Nd4 Bxd4 37.Rxd4 1-0

[Event "HCL-C4211"]
[Site "www.playchess.de"]
[Date "2006.03.31"]
[Round "10"]
[White "Tribun"]
[Black "Skipper_Robert"]
[WhiteElo "718"]
[BlackElo "924"]
[PlyCount "75"]
[Result "1-0"]

1.e4 e5 {nach soviel Siegen gehts jetzt wohl an´s 
Eingemachte!}  2.Nf3 {na na keine Aggression 
hier,ja}  d6 3.Nc3 Nf6 4.h3 Nc6 5.d3 Be6 6.a3 g6 
7.Be3 Bg7 8.Be2 Ne7 9.d4 c6 10.Bd3 exd4 11.Bxd4 b5 
12.b4 d5 13.O-O h6 14.Ne2 g5 15.Bc5 g4 16.e5 gxf3 
17.Nf4 fxg2 18.Nxg2 Nd7 19.f4 Nf5 20.Qe1 Rg8 
21.Bxf5 Bxf5 {prima Eisbär, schon hochgeladen, 
danke!}  22.Qe2 {Bitte gerne}  Bh8 23.Kf2 Qh4+ 
24.Nxh4 Bxh3 {ich glaub ich geh jetzt lieber 
schlafen}  25.Rfe1 {wieso????????}  O-O-O 26.Bxa7 
Bf6 27.exf6 Rde8 28.Qd3 Nxf6 29.Qxh3+ Kb7 30.Bd4 
Ng4+ 31.Kf3 h5 32.Nf5 Re6 33.Qxh5 Reg6 34.Re7+ Kc8 
35.Qh7 Nf6 36.Qxf7 Rh6 37.Qe6+ Kd8 
38.Bb6+ 1-0

[Event "HCL-C4225"]
[Site "www.playchess.de"]
[Date "2006.03.31"]
[Round "21"]
[White "Skipper_Robert"]
[Black "Tribun"]
[WhiteElo "914"]
[BlackElo "729"]
[PlyCount "35"]
[Result "1-0"]

1.e4 {herzlich willkommen}  e5 {Ja Danke}  2.Nf3 
{gute Nacht}  d6 {Good Night}  3.Bc4 Nf6 4.d3 Nc6 
5.Be3 Bg4 6.Nc3 Be7 7.Qe2 O-O 8.h3 Be6 9.Bxe6 fxe6 
10.Ng5 Qc8 11.f4 Ne8 12.Qh5 h6 13.O-O-O b6 14.Qg6 
Nf6 15.Rdf1 b5 16.fxe5 Nxe5 17.Rxf6 Bxf6 
18.Qh7+ 1-0

[Event "HCL-B3927"]
[Site "www.playchess.de"]
[Date "2006.03.31"]
[Round "14"]
[White "ippuli"]
[Black "evets"]
[WhiteElo "1546"]
[BlackElo "1311"]
[PlyCount "71"]
[Result "1-0"]

1.e4 {Hello! Good luck...}  e6 {Thank You.  Good 
Luck to you as well!}  2.d4 d5 3.e5 c5 4.Qg4 cxd4 
5.Nf3 Qa5+ 6.Bd2 Qb6 7.b3 Nc6 8.Bd3 h5 9.Qg3 Bd7 
10.c3 Nge7 11.O-O Nf5 12.Bxf5 exf5 13.Re1 Be6 
14.a4 Qxb3 15.Ng5 Qb2 16.Nxe6 fxe6 17.Qg6+ Kd7 
18.Qf7+ Ne7 19.cxd4 Qxa1 20.Nc3 Qb2 21.Nb1 Qxd4 
22.Bc3 Qxa4 23.Nd2 Qc2 24.Bb4 Qb2 25.Rb1 
{(offering draw)}  Qxe5 26.Bxe7 Bxe7 27.Rxb7+ Kc6 
28.Qxe7 Qd6 29.Qxg7 Rhc8 30.Qb2 Qf8 31.Qb5+ Kd6 
32.Rd7+ Ke5 33.Qb2+ Kf4 34.Nf3 Qh8 35.Qd2+ {Mate 
in 1, thank you....}  Kg4 {Good Game!  My mistake 
was 24..,Qb7. Should have been Rc8}  36.Qg5+ {You 
mean 24... Qb2. You did not accept the draw....} 
 1-0

[Event "HCL-M909"]
[Site "www.playchess.de"]
[Date "2006.03.31"]
[Round "3"]
[White "Eyechess"]
[Black "Goofy"]
[WhiteElo "2064"]
[BlackElo "1951"]
[PlyCount "47"]
[Result "1-0"]

1.e4 {Hello and good game to us.}  c5 {Same to 
you!! ;o))}  2.Nc3 Nc6 3.g3 d6 4.Bg2 g6 5.d3 Bg7 
6.Be3 e5 7.Qd2 h6 8.Nd5 Nge7 9.Ne2 Be6 10.O-O g5 
11.f4 exf4 12.gxf4 Bxd5 13.exd5 Nd4 14.fxg5 hxg5 
15.Nxd4 Bxd4 16.Bxd4 cxd4 17.Qxg5 Rg8 18.Qf6 Kd7 
19.Rae1 Qf8 20.Kh1 Rg6 21.Bh3+ Ke8 22.Rxe7+ Qxe7 
23.Qh8+ Qf8 24.Re1+ 1-0

[Event "ACL-M065"]
[Site "www.playchess.de"]
[Date "2006.03.31"]
[Round "31"]
[White "msdnewmex"]
[Black "Goofy"]
[WhiteElo "2064"]
[BlackElo "1932"]
[PlyCount "113"]
[Result "1-0"]

1.Nf3 {Greetings Eric, I just couldn't let you 
have all the fun in this tournament.  Good Luck}  
c5 {Hi, good game! ;o))}  2.e4 Nc6 3.d4 cxd4 
4.Nxd4 Nf6 5.Nc3 {Eric you are full of surprises.  
The Classical Sicilian?  I get tired of the 
English, so opted for the Sicilian and you choose 
the classical.  This is going to be fun.:-))}  e5 
{I hope so! ;o))}  6.Ndb5 d6 7.Bg5 a6 8.Na3 b5 
9.Bxf6 gxf6 10.Nd5 f5 11.Bd3 {Eric, are you still 
playing a lot of games?}  Be6 {Yes, 47 here and 30 
on other sites!? ;o))}  12.O-O {I do not know how 
you do it Eric.  Quality chess with so many going 
at once.  Well done. :-)}  Bxd5 {No, sometimes I 
play to fast and then I start blundering!? ;o((}  
13.exd5 {Well that is to be understood with that 
many games but you maintain a high quality 
overall.}  Ne7 {Well, I'm only trying my very 
best!? ;o))}  14.c3 Bg7 15.Qh5 e4 16.Be2 O-O 
17.Nc2 f4 18.Qg5 f5 {Sorry for the delay! I had a 
lot of work to do! ;o))}  19.Rfd1 {No problem, I'm 
often working or on the road and just can't play. 
:-))}  f3 {;o))}  20.gxf3 Kh8 21.Kh1 Rg8 22.Qe3 
Ng6 23.Nd4 {Eric, I am always skeptical when 
someone offers a pawn.:-)}  exf3 {I know, I know!? 
You never take poisoned pawns!? ;o))}  24.Nxf3 
{Eric, playing 70 games, how are you holding up?  
If I we don't move again before Christmas, Happy 
Hollidays!!!!!!!!!!!}  Re8 {I was visiting 
relatives over X-mas. Back to the games again!! 
;o))}  25.Qd2 {I was working out of town.  I'm 
back and looking forward to chess again.}  Qe7 
{Happy new year! ;o))}  26.Bd3 {Hope you had great 
holidays!}  Ne5 27.Nd4 Nxd3 {(offering draw)}  
28.Qxd3 Bxd4 29.Qxd4+ Qe5 30.a4 Rac8 31.axb5 axb5 
32.Kg2 Qxd4 33.Rxd4 Re2 34.Rb4 {Moving right along 
:-)}  Rc5 35.Ra5 Rxd5 36.Rbxb5 {Eric, how are you 
holding up?  70 games would put me in an insane 
asylum.}  Rdd2 {Only 41 here and another 40 on 
freechess.de!? Lots of fun, if you have the time! 
;o))}  37.Rbxf5 {Have you seen your psychiatrist 
lately?  How do you sleep?  Our game keeps me 
awake at night.}  Rdxb2 {I see him daily. He is my 
boss!? ;o)) Our game keeps you awake??}  38.Ra7 
{I'm getting killed in this tournament.  Got very 
little advantage with white and am having 
difficulty with Black (will loose the my first 
game in over a year)}  Kg8 {This tournament is a 
katastrophe for me!? ;o((}  39.Rff7 {I 
experimented with a new defense to d4 (the Slav) 
and appears I will give up two draws to lower 
rated players who played the exchange variation.  
Live and Learn. :-)}  h5 {I always try!? ;o))}  
40.Rfg7+ {Do you have a favorite defense to 1.d4?  
I'm trying to find a good one.}  Kf8 {Benoni or 
Greenfield!? ;o))}  41.Raf7+ Ke8 42.h4 {I've 
played the Benoni once or twice on this site.  I 
do not like to play against the Taimanov variation 
so I would probably avoid it against 3. Nc3.  
Maybe the Nimzo and Benoni combination.  I'll keep 
looking. :-)}  Re5 {Meanwhile I play Benoni also 
in active Chess with White and Black! I won 
against people rated 200 ELO higher! I only lost 1 
game out of 20!? ;o))}  43.Rgh7 {In active Chess 
are you allowed to use a computer.  Is it a site 
on the internet where you play games on line 
directly against an opponent?}  Ra5 {...I mean 
active chess on the good old wood board!? ;o))}  
44.Kg3 {I haven't had an opportunity to play OTB 
is a very long time.  Maybe I will get a chance in 
the future.  I'm looking for something to survive 
in ACL.  d4 is really giving me trouble.}  Ra1 
45.Rfc7 Kd8 46.Rhd7+ Ke8 47.Rxd6 Rg1+ 48.Kf3 Rf1 
49.Rh6 Rfxf2+ 50.Ke4 {Eric, everything OK?  I was 
out for a while also with work and illness, hope 
everyting is OK.:-)}  Rbe2+ {I was in South Africa 
for 3 weeks. Everything is fine! ;o))}  51.Kd5 
{Glad to hear it. :-)  Hope you enjoyed yourself!} 
 Red2+ {Yes, but now I'm back to work! ;o))}  
52.Kc6 Rd8 53.Rxh5 {Eric, according to my machine 
that move allows mate in 33 moves with best play. 
:-)}  Rf6+ {Yes, I know! ;o((}  54.Kb7 Rf1 55.Rh8+ 
Rf8 56.Rxf8+ Kxf8 57.Rc8 1-0

[Event "HCL-B3874"]
[Site "www.playchess.de"]
[Date "2006.03.31"]
[Round "5"]
[White "Regicide"]
[Black "kolmar"]
[WhiteElo "937"]
[BlackElo "991"]
[PlyCount "48"]
[Result "0-1"]

1.e4 {Hello}  e5 {hey, where u from? Gruzia?}  
2.Qh5 {Nope - London - I thought this was the flag 
of _South_ Georgia, which is British}  Nc6 3.c3 
Nf6 4.Qe2 Bc5 5.b4 Bb6 6.Nh3 d6 7.Ng5 h6 8.Nf3 Ng4 
9.h3 Nf6 10.Qd3 O-O 11.Ba3 a6 12.Qe3 Bxe3 13.dxe3 
Nxe4 14.Bd3 Ng5 15.Nh4 Ne4 16.g3 Ng5 17.Nd2 Re8 
18.b5 axb5 19.Bb4 Nxb4 20.cxb4 c6 21.f4 exf4 
22.gxf4 Rxe3+ 23.Be2 Ne4 24.Nf1 
Rxh3 0-1

[Event "HCL-B3886"]
[Site "www.playchess.de"]
[Date "2006.03.31"]
[Round "9"]
[White "eisbaer17"]
[Black "Korto"]
[WhiteElo "1282"]
[BlackElo "1223"]
[PlyCount "68"]
[Result "1/2-1/2"]

1.e4 e5 2.Nf3 d6 3.Nc3 Nf6 4.d4 Bg4 5.dxe5 Bxf3 
6.Qxf3 dxe5 7.Bg5 Be7 8.Rd1 Nbd7 9.Bb5 c6 10.Bc4 
Qc7 11.O-O b5 12.Bb3 O-O 13.a3 Nc5 14.Ba2 a6 15.b4 
Ncd7 16.Bxf6 Nxf6 17.Rd3 a5 18.Rfd1 axb4 19.axb4 
Bxb4 20.Bb3 Bxc3 21.Rxc3 c5 22.Bd5 Nxd5 23.exd5 b4 
24.d6 Qa5 25.Rcd3 Rfd8 26.d7 Qa1 27.Rxa1 Rxa1+ 
28.Rd1 e4 29.Rxa1 exf3 30.gxf3 f6 31.Ra7 Kf7 
32.Rc7 Ke7 33.Rxc5 Rxd7 34.Rb5 Rd1+ {(offering 
draw)}  1/2-1/2

[Event "HCL-A2607"]
[Site "www.playchess.de"]
[Date "2006.03.31"]
[Round "2"]
[White "stevetilbury"]
[Black "DeepEcho"]
[WhiteElo "1630"]
[BlackElo "1801"]
[PlyCount "29"]
[Result "1-0"]

1.Nf3 {Hello from London}  d5 {Hello from Merano 
and good luck}  2.g3 {Merano - famous name for 
chess!}  c6 3.Bg2 Nf6 4.O-O Bf5 5.b3 Nbd7 6.Bb2 e6 
7.d3 Be7 8.Nbd2 O-O 9.c4 h6 10.a3 a5 11.Ne5 Qb6 
12.Nxd7 Nxd7 13.Nf3 Rad8 14.cxd5 exd5 
15.Bd4 1-0

[Event "HCL-C4147"]
[Site "www.playchess.de"]
[Date "2006.03.31"]
[Round "10"]
[White "gabrielvui"]
[Black "epenz"]
[WhiteElo "800"]
[BlackElo "923"]
[PlyCount "42"]
[Result "0-1"]

1.d4 d5 2.Nf3 Nc6 3.Nc3 Nf6 4.e3 Bg4 5.Be2 e6 6.h3 
Bxf3 7.Bxf3 Bd6 8.Bd2 O-O 9.Qe2 a6 10.O-O-O b5 
11.e4 dxe4 12.Nxe4 Nxd4 13.Qe3 Nxf3 14.Qxf3 c5 
15.Nxd6 Qxd6 16.g4 Qe7 17.Qc6 Rfc8 18.Qf3 c4 19.a3 
a5 20.b4 a4 21.Be3 Rcd8 0-1

[Event "HCL-E1533"]
[Site "www.playchess.de"]
[Date "2006.03.31"]
[Round "31"]
[White "pj287"]
[Black "Glomp"]
[WhiteElo "1722"]
[BlackElo "1587"]
[PlyCount "65"]
[Result "1-0"]

1.e4 {Hello from Port Jervis, NY. Have a good 
game.}  c5 {Hello from Burgwedel, Lower Saxony. 
Good luck!}  2.Nf3 e6 3.d4 cxd4 4.Nxd4 a6 5.Nc3 
Nc6 6.g3 Nge7 7.Nb3 d6 8.a4 Bd7 9.Bg2 Nc8 10.O-O 
Be7 11.Qe2 O-O 12.Be3 Na5 13.Nxa5 Qxa5 14.Qd3 Bc6 
15.Bd2 Qb6 16.Be3 Qc7 17.Rfd1 Rd8 18.a5 Qb8 19.Na4 
Bxa4 20.Rxa4 Na7 21.c4 Qc7 22.Bb6 Qd7 23.Bxd8 Rxd8 
24.Raa1 Nc6 25.c5 d5 26.exd5 exd5 27.Qxd5 Qxd5 
28.Bxd5 Bxc5 29.Bxc6 Rxd1+ 30.Rxd1 bxc6 31.Rd8+ 
Bf8 32.Ra8 g6 33.Rxa6 1-0